000 00839nam a2200253Ia 4500
003 OSt
005 20220923225230.0
006 a|||||r|||| 00| 0
007 ta
008 220922b |||||||| |||| 00| 0 hin d
024 _a260,834
037 _cTextual
040 _aARTS
_cARTS
_bhin
041 _2hin
_ahin
082 _aO152:g, M0
100 _aनगेन्द्र
_9156277
245 0 _aहिन्दी साहित्य की प्रवृतियां
246 _aHindī sāhitya kī pravṛutiyāan
260 _aदिल्ली
_b नेशनल पब्लिशिंग हाउस
_c1980
300 _a120पृ.
_ccm.
650 _aहिन्दी साहित्य
_9156264
942 _hO152:g, M0
_cTEXL
_2CC
999 _c376874
_d376874